La aplicación de la proyección estereográfica en geología estructural

Gespeichert in:
Bibliographische Detailangaben
1. Verfasser: Phillips, F. C (VerfasserIn)
Format: Buch
Sprache:Spanisch
Veröffentlicht: Madrid Blume 1975
Schlagworte:
Tags: Tag hinzufügen
Keine Tags, Fügen Sie den ersten Tag hinzu!

MARC

LEADER 00000nam a2200000 a 4500
001 UCU4735
003 CL-VaPUC
008 960524e19750000SP |||||||||||||||||spa|d
082 0 4 |a 551.1  |b PHI  |2 21 
100 0 |a Phillips, F. C  |e author  |9 362397 
245 1 3 |a La aplicación de la proyección estereográfica en geología estructural 
300 |a 132 p 
942 |c BK 
945 |d 19960524 00:00:00  |a paguirre 
260 |a Madrid  |b Blume  |c 1975 
650 0 |a Geología   |9 260984 
650 7 |a GEOLOGIA ESTRUCTURAL  |2 CL-VaPUC  |9 261454 
650 7 |a TECTONICA  |2 CL-VaPUC  |9 266608 
650 7 |a ESTRUCTURAS GEOLOGICAS  |2 CL-VaPUC  |9 362266 
583 |a last modification  |c 19960524 00:00:00  |k Rodrigo Vera 
999 |c 248314  |d 248312 
952 |0 0  |1 0  |4 0  |6 551_100000000000000_PHI_1975  |7 0  |8 A  |9 264857  |a BIBING  |b BIBING  |d 2019-11-19  |i 1663852  |o 551.1 PHI 1975  |p 1663852  |r 2025-01-20  |w 2019-11-19  |y BK  |k GEO